000 00765cab a2200277 4500
001 ABS45875
008 090401t1991 xxu||||| |||| 00| 0 eng d
035 _a(Sirsi) u55650
041 _aeng
100 _aWilson, B.H.
245 _aPorts privatisation
260 _c1991
350 _a0
490 _aEstates Gazette
_v72(833) November 1991, 203-205(3)
520 _aFollowing enactment of the Ports Act 1991 in July 1991, this article reviews progress made by the Trust Ports wishing to enter the private sector.
650 _aFORTH
650 _aMEDWAY
650 _aPORTS
650 _aPRIVATISATION
650 _aTEES
650 _aTILBURY
650 _aTRUST PORTS
690 _aECONOMIC AND SOCIAL
942 _n0
948 _c04/03/1997
999 _c34015
_d34015